000 00621nam a22002057a 4500
999 _c130293
_d130293
005 20230222105816.0
008 230222b ||||| |||| 00| 0 eng d
020 _a9780323530446
040 _cPK-LaUMT
082 _a616.0756
_bRIF-T
100 _aRifai, Nader
245 _aTietz fundamentals of clinical chemistry and molecular diagnostics /
_cby Nader Rifai, Andrea Rita Horvath and Carl T. Wittwer
250 _a8th ed.
260 _aSt. Louis :
_bElsevier,
_c2019
300 _axvi, 1065 p.
650 _aClinical chemistry
650 _aMolecular diagnosis
650 _aClinical enzymology
942 _cBK